| 000 | 00489nam a2200169Ia 4500 | ||
|---|---|---|---|
| 003 | SGT | ||
| 020 | _a9788189866495 | ||
| 082 |
_a671 _bSHA |
||
| 100 | _aSharma,S.K | ||
| 245 | _aManufacturing Processes | ||
| 260 |
_bI.K. International Publishing House Pvt. Ltd. _aNew Delhi _c2007 |
||
| 300 | _a706p. | ||
| 650 | _aMANUFACTURING | ||
| 653 | _aMECHANICAL ENGINEERING, PLANT AND SHOP LAYOUT,FOUNDRY AND CASTING MECHANICAL WORKING OF METALS | ||
| 700 | _aSharma,Savita | ||
| 942 |
_2ddc _cBK |
||
| 999 |
_c4958 _d4958 |
||